000 00625cam a2200193 a 4500
001 000025714
005 20200930024007.0
008 760831s1979 cu 000 | spa d
082 _axxx
_bN322a
100 1 _aRocasolano, Alberto,
_947872
245 1 0 _aApuntes para un estudio acerca de Manuel Navarro Luna /
_cAlberto Rocasolano; edición María Luisa Negrín.
260 _aCiudad de La Habana :
_bLetras Cubanas,
_c1979.
300 _a53 p. ;
_c18 cm.
490 1 _aMínima. Ensayo,
_v4
700 1 _aNegrín, María Luisa,
_eed.
_952482
830 0 _aMínima.
_pEnsayo,
_v4
_952483
049 _aBNGR
999 _c25206
_d25206
040 _aDO-SdBNP